[Event "IECC O email"]
[Site "IECC email"]
[Date "1999.08.13"]
[Round "?"]
[White "Childress, Steven A"]
[Black "Vance, Laura"]
[Result "0-1"]
[WhiteElo "1167"]
[BlackElo "1191"]
[PlyCount "78"]
[EventDate "1999.??.??"]
[EventType "tourn (corr)"]
[EventRounds "6"]
[SourceTitle "Corr 2008"]
[Source "ChessBase"]
[SourceDate "2008.06.24"]
[SourceVersion "1"]
[SourceVersionDate "2008.06.24"]
[SourceQuality "1"]

1. a4 d5 2. b4 e5 3. Ba3 a6 4. e3 Nf6 5. c4 Nc6 6. cxd5 Nxd5 7. b5 Ncb4 8. e4 Nf6 9. Qb3 a5 10. Bc4 Qd7 11. Nf3 Bd6 12. Ng5 Rf8 13. Nc3 Bc5 14. Nd5 h6 15. Nxf6+ gxf6 16. Nh7 Qe7 17. Nxf8 Qxf8 18. 0-0 b6 19. Rac1 Bb7 20. d3 Rd8 21. Rfd1 Qg7 22. Kf1 f5 23. Re1 fxe4 24. dxe4 f5 25. f3 fxe4 26. fxe4 Qf6+ 27. Qf3 Qxf3+ 28. gxf3 c6 29. Red1 Rxd1+ 30. Rxd1 Bd4 31. Ke2 c5 32. Rd2 Ke7 33. Bb2 Bc8 34. Kf1 Bh3+ 35. Ke2 Bxb2 36. Rxb2 Be6 37. Bb3 c4 38. Bc2 c3 39. Kd1 cxb2 0-1

[Event "IECC O email"]
[Site "IECC email"]
[Date "1999.06.09"]
[Round "?"]
[White "Vance, Laura"]
[Black "Dennis, Bruce"]
[Result "1/2-1/2"]
[WhiteElo "1200"]
[BlackElo "1000"]
[PlyCount "106"]
[EventDate "1999.??.??"]
[EventType "tourn (corr)"]
[EventRounds "6"]
[SourceTitle "Corr 2008"]
[Source "ChessBase"]
[SourceDate "2008.06.24"]
[SourceVersion "1"]
[SourceVersionDate "2008.06.24"]
[SourceQuality "1"]

1. b4 e5 2. a3 d5 3. Bb2 e4 4. d3 Nf6 5. h3 c5 6. b5 Qa5+ 7. Bc3 Qxb5 8. dxe4 d4 9. e3 Qb6 10. exd4 Nxe4 11. Nf3 Nxc3 12. Nxc3 cxd4 13. Nxd4 Bc5 14. Qe2+ Be6 15. Nxe6 fxe6 16. Nd5 Bxf2+ 17. Qxf2 Qxf2+ 18. Kxf2 0-0+ 19. Ke3 exd5 20. c4 Re8+ 21. Kd2 d4 22. c5 Nc6 23. Bc4+ Kh8 24. Bb5 Re3 25. Bxc6 bxc6 26. Rhe1 Rae8 27. Rxe3 Rxe3 28. Rb1 h6 29. a4 Ra3 30. Rb4 Ra2+ 31. Kd3 Rxg2 32. Kxd4 Rd2+ 33. Ke4 Rd5 34. Rb8+ Kh7 35. Rb7 Rxc5 36. Rxa7 Rh5 37. Kd4 Rxh3 38. Kc5 Rc3+ 39. Kb4 Rc1 40. a5 h5 41. a6 c5+ 42. Kb5 Kh6 43. Rc7 Ra1 44. a7 h4 45. Kxc5 g5 46. Kb6 h3 47. Rc8 g4 48. a8Q Rxa8 49. Rxa8 Kg5 50. Rh8 Kf4 51. Kc5 Kg3 52. Kd4 h2 53. Ke4 Kg2 1/2-1/2